The curtain rises : rethinking culture, ideology, and the state in Eastern Europe
Αποθηκεύτηκε σε:
| Άλλοι συγγραφείς: | , |
|---|---|
| Μορφή: | Βιβλίο |
| Γλώσσα: | English |
| Δημοσίευση: |
New Jersey :
Humanities,
1993
|
| Θέματα: | |
| Ετικέτες: |
Προσθήκη ετικέτας
Δεν υπάρχουν, Καταχωρήστε ετικέτα πρώτοι!
|
MARC
| LEADER | 00000nam a2200000 i 4500 | ||
|---|---|---|---|
| 001 | 1/2536 | ||
| 008 | 960201s1993 eng d | ||
| 020 | |a 0-391-03810-9 | ||
| 035 | |l 10014895 | ||
| 040 | |a GR-MY-UA |b gre |e aacr | ||
| 041 | 0 | |a eng | |
| 082 | 0 | |a 306.0947 | |
| 245 | 1 | 4 | |a The curtain rises : |b rethinking culture, ideology, and the state in Eastern Europe / |c Edited by Hermine G. De Soto; David G. Anderson |
| 260 | |a New Jersey : |b Humanities, |c 1993 | ||
| 300 | |a 342 p. | ||
| 504 | |a Includes bibliographical references and index | ||
| 650 | 0 | 0 | |a Post-communism |z Europe, Eastern. |
| 651 | 0 | |a Europe, Eastern |x Social conditions. | |
| 651 | 0 | |a Europe, Eastern |x Politics and government |y 1989- | |
| 700 | 1 | |a De Soto, Hermine G. |4 edt | |
| 700 | 1 | |a Anderson, David G. |q (David George) |d 1965- |4 edt | |
| 852 | |a INST |b LESVOS |e 19960201 |h 306.0947 CUR |p 005100007304 |q 005100007304 |t BK |y 0 | ||
| 909 | |a Λ |b 043391 | ||